Pen Names Quiz Stats

 Plays Quiz Updated Dec 18, 2019

Support Sporcle.
Go Orange.
Score 0/22 Timer 06:00
1 Play Today
Real Name Pen Name % Correct
Samuel ClemensMark Twain
85.4%
Theodor GeiselDr. Seuss
56.6%
Eric BlairGeorge Orwell
34%
Mary Ann EvansGeorge Eliot
33.1%
Charles Lutwidge DodgsonLewis Carroll
30.4%
François-Marie ArouetVoltaire
20.5%
William Sydney PorterO. Henry
18.4%
Charlotte, Emily and Anne BrontëCurrer, Ellis and Acton Bell
17.7%
Hector Hugh MunroSaki
16.3%
Daniel HandlerLemony Snicket
15%
Amantine Aurore Lucile DupinGeorge Sand
12.8%
Real Name Pen Name % Correct
Karen BlixenIsak Dinesen
11.5%
Jean-Baptiste PoquelinMolière
10.4%
Alisa Zinov'yevna RosenbaumAyn Rand
8.5%
David John Moore CornwellJohn le Carré
6.1%
Neftalí Ricardo Reyes BasoaltoPablo Neruda
5.2%
Marie-Henri BeyleStendhal
4.7%
Brian O'NolanFlann O'Brien
4.4%
Aleksey Maksimovich PeshkovMaxim Gorky
3.8%
Kimitake HiraokaYukio Mishima
3.3%
Alice Bradley SheldonJames Tiptree, Jr.
2.5%
Aron Ettore SchmitzItalo Svevo
2.4%

From the Vault

30 Facts That Start with 'H'

by QuizzleMyShizzle

We're not sure what the 'H' is happening here!
Remove Ads.
Support Sporcle.
Get the best of Sporcle when you Go Orange. This ad-free experience offers more features, more stats, and more fun while also helping to support Sporcle. Thank you for becoming a member.

Show Comments

Extras

Top Quizzes Today


Score Distribution

Your Account Isn't Verified!

In order to create a playlist on Sporcle, you need to verify the email address you used during registration. Go to your Sporcle Settings to finish the process.

Report this User

Report this user for behavior that violates our Community Guidelines.

Details: